| 000 | 00817nac a22002291u 4500 | ||
|---|---|---|---|
| 010 | _a 93047169 | ||
| 020 | _a020163189X | ||
| 082 | 0 | 0 |
_a658.80094 _bHAL |
| 090 |
_c7080 _d7080 |
||
| 100 | _aHalliburton, Chris. | ||
| 245 | 0 | 0 |
_aEuropean marketing : _breadings and cases / _c[edited] by Chris Halliburton, Reinhard HuÌ(nerberg. |
| 260 |
_aWokingham, England ; _aReading, Mass. : _bAddison-Wesley,c.1993. _cc.1993. |
||
| 300 |
_axxi, 489 p. : _bill. ; _c23 cm. |
||
| 500 | _aDistributer: Al-Ahram. | ||
| 504 | _aIncludes bibliographical references. | ||
| 511 | _aCatalogued By: Mahitab. | ||
| 650 | 0 |
_aMarketing _zEurope. |
|
| 650 | 0 |
_aMarketing _zEurope _xCase studies. |
|
| 700 | 1 | _aHalliburton, Chris. | |
| 700 | 1 | _aHuÌ(nerberg, Reinhard. | |
| 942 |
_cBB _k658.80094HAL |
||
| 999 |
_c7080 _d7080 |
||